The Dudes Heroes? Quiz Stats

 Plays Quiz not verified by Sporcle

Score 0/28 Timer 06:00
0 Plays Today
Initials % Correct
BGBrian Graham
66.7%
JAJohn An
66.7%
LJLeBron James
66.7%
BBGBig Brian Graham
66.7%
SMSoftcastle McCormick
66.7%
HPHP
66.7%
RTBRonnie The Bear
66.7%
HGHarmony Granger
66.7%
SSSeverus Snake
66.7%
BBatman
66.7%
FTFKForever The Flyest Kids
66.7%
PPeevee
66.7%
KKratos
66.7%
R&CRatchet and Clank
66.7%
Initials % Correct
TSTaylor Swift
50%
SBShawn Bradley
33.3%
BBane
33.3%
5T50 Tyson
33.3%
LMLil Mouse
33.3%
DDrake
33.3%
ECEric Church
33.3%
PPSY
33.3%
TTunechi
33.3%
WWeezy
33.3%
LWLil Wayne
33.3%
ADBAvery Dragon Bradley
0%
JJGorilla
0%
SSpyro
0%

You're not logged in!

Compare scores with friends on all Sporcle quizzes.
OR
Log In

You Might Also Like...

Show Comments

Extras

Created Sep 25, 2012ReportNominate
Tags:dude, here, initial

Top Quizzes Today


Score Distribution

Your Account Isn't Verified!

In order to create a playlist on Sporcle, you need to verify the email address you used during registration. Go to your Sporcle Settings to finish the process.

Report this User

Report this user for behavior that violates our Community Guidelines.

Details: